| 000 | 01821nam a2200289 a 4500 | ||
|---|---|---|---|
| 001 | BRCA_2728 | ||
| 005 | 20190320203937.0 | ||
| 008 | 031208s1893----fr-a---###---#000-0dspa-u | ||
| 041 | _aspa | ||
| 044 | _asp | ||
| 084 |
_a222 _b.G376 _c1893 |
||
| 100 | 1 |
_aCervantes Saavedra, Miguel de _d1547-1616 _9213 |
|
| 245 | 1 | 0 |
_aEl Ingenioso Hidalgo Don Quijote de la Mancha _ccompuesto por Miguel de Cervantes Saavedra. |
| 260 |
_aParís _bGarnier hermanos _c[1893] |
||
| 300 |
_acxix, 679 p. _bil. _c22 cm. _e1 carta facsímil autógrafa de Cervantes |
||
| 440 | 0 |
_aColección de los mejores autores españoles _n1 _97234 |
|
| 500 | _aContenido : primera parte. Retrato de Cervantes. Vida del autor por M. F. de Navarrete. Dedicatoria del autor. Prólogo del autor. Versos preliminares. Texto. Segunda parte. Dedicatoria del autor. Prólogo del autor. Texto | ||
| 500 | _aEdición similar a las publicadas por el editor Baudry. Este hizo uso con frecuencia, en sus impresiones de la obra de Cervantes, de la vida del autor escrita por M. F. de Navarrete. Dicha biografía aparece por vez primera en la cuarta edición de la Academia (1819), cuyo texto tomó por modelo. De tal suerte, la edición que describimos, viene a ser una reimpresión de la publicda por la misma Casa editorial, en 1840. El retrato de Cervantes, obra de Geoffroy, y las láminas son los mismo que aparecen en otras ediciones de la Casa Garnier. Semipiel Lúdovik Osterc | ||
| 500 | _aQM148B | ||
| 650 | 1 | 4 |
_aNovela española _yÉpoca clásica, 1500-1700 _9215 |
| 650 | 1 | 4 |
_aLiteratura española _yÉpoca clásica, 1500-1700 _9216 |
| 650 | 1 | 4 |
_aNovela española _ySiglo XVII _9217 |
| 700 | 1 |
_aFernández de Navarrete, Martín _d1765-1844 _eBiógrafo _97709 |
|
| 740 | 0 | _aEl Ingenioso Hidalgo Don Quijote de la Mancha | |
| 902 | _aQFM | ||
| 942 |
_2lcc _cB |
||
| 999 |
_c2468 _d2468 |
||